Denis Leary Filmography - Statistics

General Stats
  • This quiz has been taken 29 times
    7 since last reset
  • The average score is 10 of 118
Answer Stats
Type Year Name % Correct
Film 1993 The Sandlot
67%
Film 1993 National Lampoon's Loaded Weapon 1
50%
Film 1998 A Bug's Life
33%
Film 2002 Dawg
33%
Film 1993 Demolition Man
33%
Stand-Up Special 1997 Denis Leary: Lock 'N Load
33%
Stand-Up Special 1993 Denis Leary: No Cure for Cancer
33%
TV Show 2004-2011 Rescue Me
33%
Film 2000 Sand
33%
Film 2012 The Amazing Spider-Man
33%
Film 2014 The Amazing Spider-Man 2
33%
Film 1994 The Ref
33%
Film 1996 Two If by Sea
33%
TV Show 1990 Afterdrive
17%
TV Special 2003 Comedy Central Roast of Denis Leary
17%
TV Special 2005 Denis Leary's Merry F#%$in' Christmas
17%
Film 1994 Gunmen
17%
Commercial Early 1990s Holsten Pils Lager
17%
Film 2002 Ice Age
17%
Video Game 2006 Ice Age 2: The Meltdown
17%
TV Short 2011 Ice Age: A Mammoth Christmas
17%
Film 2016 Ice Age: Collision Course
17%
Film 2012 Ice Age: Continental Drift
17%
Film 2009 Ice Age: Dawn of the Dinosaurs
17%
TV Short 2016 Ice Age: The Great Egg-Scapade
17%
Film 2006 Ice Age: The Meltdown
17%
Film 1999 Jesus' Son
17%
Film 1993 Judgement Night
17%
TV Show 1980 Lenny Clarke's Late Show
17%
Commercial 1992 MTV
17%
Film 1995 Operation Dumbo Drop
17%
TV Show 1990 Rascal's Comedy Hour
17%
TV Show 1987 Remote Control
17%
Film 1998 Small Soldiers
17%
Film 1991 Strictly Business
17%
TV Film 1997 Subway Stories: Tales from the Underground
17%
TV Show 2001-2002 The Job
17%
TV Film 1997 The Second Civil War
17%
TV Show 2008 The Simpsons
17%
Film 1999 The Thomas Crown Affair
17%
Film 1999 True Crime
17%
Film 1993 Who's the Man?
17%
TV Documentary 2016 9/11: Fifteen Years Later
0%
TV Show 1990, 1991 An Evening at the Improv
0%
TV Show 2018-2019, 2022 Animal Kingdom
0%
Documentary Series 2013-2022 Behind the B
0%
Film 2001 Blow
0%
TV Special 1995 Comics Come Home
0%
TV Special 1996 Comics Come Home 2
0%
TV Special 2000 Comics Come Home 5
0%
Film 2000 Company Man
0%
TV Show 2002 Contest Searchlight
0%
Short Film 2015 Cosmic Scrat-tastrophe
0%
TV Show 2002 Crank Yankers
0%
Stand-Up Special 2011 Denis Leary & Friends Presents: Douchbags & Donuts
0%
Commercial 2009 DirecTV
0%
TV Show 2021 Dogs Playing Poker
0%
Film 1999 Do Not Disturb
0%
Film 2001 Double Whammy
0%
Film 2014 Draft Day
0%
TV Show 1998 Dr. Katz, Professional Therapist
0%
TV Pilot 2018 Erase
0%
TV Show 2019 Family Guy
0%
TV Show 1998 Fantasy World Cup
0%
TV Special 2004, 2008 Fashion Rocks
0%
TV Show 2004 Father of the Pride
0%
Film 2001 Final
0%
Commercial 2009-2018 Ford
0%
Film 2015 Freaks of Nature
0%
TV Show 2025 Going Dutch
0%
Commercial 2009 Hulu
0%
Commercial 1996 IBM
0%
Film 2026 Ice Age 6
0%
Video Game 2015 Ice Age Avalanche
0%
Video Game 2012 Ice Age: Continental Drift - Arctic Games
0%
Video Game 2013 Ice Age Village
0%
Short Film 2012 Kiss My A$$ with Denis Leary
0%
Film 2000 Lakeboat
0%
TV Show 2022 Law & Order: Organized Crime
0%
Short TV Documentary 2003 Le Job de Denis Leary
0%
Short Film 1987 Long Walk to Forever
0%
Documentary 2000 Lord Stanley's Cup: Hockey's Ultimate Prize
0%
Film 1997 Love Walked In
0%
TV Show 2013 Maron
0%
TV Show 1994-1995 Mike & Spike
0%
Film 1998 Monument Ave.
0%
TV Film 1995 National Lampoon's Favorite Deadly Sins
0%
Film 1994 Natural Born Killers
0%
Documentary 1998 NHL's Greatest Goals
0%
Commercial 2006 NHL Stanley Cup Playoffs
0%
TV Show 2016 Nightcap
0%
Commercial 1992 Nike
0%
Web Series 2024 No Good Deed
0%
Film 2025 Oh. What. Fun.
0%
Commercial 1998 Quaker State Motor Oil
0%
TV Film 2008 Recount
0%
TV Documentary 2003 Reverse of the Curse of the Bambino
0%
Short Film 2011 Scrat's Continental Crack-Up: Part 2
0%
TV Show 2015-2016 Sex & Drugs & Rock & Roll
0%
Music Video 1994 She Drives Me Crazy
0%
TV Show 1998 Space Ghost Coast to Coast
0%
Film 1997 Suicide Kings
0%
TV Documentary 2003 The Curse of the Bambino
0%
Stand-Up Special 2006 The Kings of Comedy USA
0%
TV Show 2006-2014 The Late Late Show with Craig Ferguson
0%
TV Show 2016 The Late Late Show with James Corden
0%
TV Show 1998 The Late Late Show with Tom Snyder
0%
Film 1997 The Matchmaker
0%
TV Show 2019-2021 The Moodys
0%
Film 1995 The Neon Bible
0%
Film 1998 The Real Blonde
0%
TV Show 2001-2002 The Rosie O'Donnell Show
0%
Film 2002 The Secret Lives of Dentists
0%
Film 1996 Underworld
0%
Commercial 2006 WAAF 107.3 FM
0%
Film 1997 Wag the Dog
0%
Documentary 2003 When Stand Up Stood Out
0%
Film 1998 Wide Awake
0%
No matching quizzes found
Score Distribution
Percent of People with Each Score
Percentile by Number Answered
Your Score History
You have not taken this quiz since the last reset